000 00481nam a2200169Ia 4500
008 230718s9999 xx 000 0 und d
020 _a9788131525005
041 _aeng
082 _a620
_bHAN
100 _aHandley B.A.
_9199774
245 _aPrinciples Of Engineering
260 _c2014
_bCengage Learning
300 _a505
365 _cRs.
_b1050.00
700 _aHandley B.A.; Marshall D.M. & Coon C.
_9199775
906 _dO:0366731-Dec-2016B:IN108013-Sep-2016
_cETC
_b262.5
999 _c343874
_d343874